000 00348nam a2200157Ia 4500
008 160316s1983 xxu||||| |||| 00| 0 eng d
082 _a294.000000
_bSIN
100 _aSingh Karan
245 _aReligions of India
250 _a
260 _aNew Delhi
_bClarion Books
_c1983
300 _a305p
_b
_c
365 _bRs.
650 _a
700 _a
_a
999 _c7877
_d7877